[Event "TCh-FRA Top 16 GpB"]
[Site "Montpellier"]
[Date "2007.04.30"]
[Round "6.2"]
[White "Komarov, Dimitri"]
[Black "Rozentalis, Eduardas"]
[Result "1/2-1/2"]
[WhiteElo "2539"]
[BlackElo "2578"]
[PlyCount "78"]
[EventDate "2007.05.??"]
[EventType "team"]
[EventRounds "11"]
[EventCountry "FRA"]
[SourceDate "2007.01.01"]
[WhiteTeam "Drancy"]
[WhiteTeamCountry "FRA"]
[BlackTeamCountry "FRA"]

1. d4 Nf6 2. c4 e6 3. Nf3 b6 4. g3 Bb7 5. Bg2 Be7 6. Nc3 Ne4 7. Bd2 Nxc3 8.
Bxc3 d5 9. cxd5 exd5 10. Qa4+ c6 11. Ne5 O-O 12. O-O a5 13. e4 b5 14. Qc2 Nd7
15. Ng4 Rc8 16. Rfe1 b4 17. Bd2 Nb6 18. e5 c5 19. dxc5 Rxc5 20. Qd1 Nc4 21. b3
Nxd2 22. Qxd2 Bc8 23. Qf4 d4 24. Red1 d3 25. Ne3 Bg5 26. Qe4 Bxe3 27. Qxe3 Rc3
28. Rd2 Bf5 29. Be4 Bxe4 30. Qxe4 Qd7 31. Rad1 Rd8 32. Kg2 g6 33. h4 h5 34. e6
Qxe6 35. Qxe6 fxe6 36. Kf3 Rd5 37. Ke3 Re5+ 38. Kf3 Rd5 39. Ke3 Re5+ 1/2-1/2

[Event "TCh-FRA Top 16 GpB"]
[Site "Montpellier"]
[Date "2007.04.30"]
[Round "6.3"]
[White "Roos, Daniel"]
[Black "Legky, Nikolay A"]
[Result "0-1"]
[WhiteElo "2414"]
[BlackElo "2465"]
[PlyCount "84"]
[EventDate "2007.05.??"]
[EventType "team"]
[EventRounds "11"]
[EventCountry "FRA"]
[SourceDate "2007.01.01"]
[WhiteTeam "Strasbourg"]
[BlackTeam "Drancy"]
[WhiteTeamCountry "FRA"]
[BlackTeamCountry "FRA"]

1. Nf3 Nf6 2. g3 b6 3. Bg2 Bb7 4. O-O c5 5. d3 d5 6. e4 e6 7. Nc3 d4 8. Ne2 Be7
9. b4 Nbd7 10. Rb1 e5 11. bxc5 Bxc5 12. Nh4 O-O 13. Nf5 g6 14. Nh6+ Kg7 15. g4
Ng8 16. Nxg8 Kxg8 17. f4 f6 18. Kh1 Rc8 19. c3 dxc3 20. Nxc3 Bd6 21. Nb5 Bb8
22. fxe5 fxe5 23. Qb3+ Kg7 24. Rxf8 Qxf8 25. Ba3 Nc5 26. Qb2 Qe8 27. Qd2 Qd7
28. Bxc5 Rxc5 29. Nc3 Qxg4 30. Rf1 Qh4 31. Ne2 Qe7 32. Nc1 Rc8 33. Nb3 Rd8 34.
Qc3 Qc7 35. Qd2 Qd6 36. Nc1 Rf8 37. Re1 Ba6 38. Re3 Qe7 39. Rh3 Bd6 40. Ne2 Bc8
41. Rf3 Rxf3 42. Bxf3 Qf7 0-1

[Event "TCh-FRA Top 16 GpB"]
[Site "Montpellier"]
[Date "2007.04.30"]
[Round "6.4"]
[White "Salaun, Yann"]
[Black "Kallai, Gabor"]
[Result "1/2-1/2"]
[WhiteElo "2336"]
[BlackElo "2491"]
[PlyCount "82"]
[EventDate "2007.05.??"]
[EventType "team"]
[EventRounds "11"]
[EventCountry "FRA"]
[SourceDate "2007.01.01"]
[WhiteTeam "Drancy"]
[WhiteTeamCountry "FRA"]
[BlackTeamCountry "FRA"]

1. e4 c5 2. g3 g6 3. Bg2 Bg7 4. c3 Nc6 5. Ne2 e5 6. Na3 Nge7 7. O-O O-O 8. Nc2
d5 9. exd5 Nxd5 10. d4 exd4 11. cxd4 cxd4 12. Nexd4 Nxd4 13. Nxd4 Nb4 14. Be3
Nd5 15. Bc1 Nb6 16. Nb5 Qxd1 17. Rxd1 Bg4 18. Re1 a6 19. Nd6 Na4 20. Bxb7 Rad8
21. Ne4 Bf5 22. Bg5 Rb8 23. Nd6 Bxb2 24. Rad1 Nc5 25. Bd5 Bc2 26. Rd2 Nd3 27.
Re3 Nb4 28. Bc4 Bc1 29. Re7 Bxd2 30. Bxd2 Nc6 31. Rc7 Ne5 32. Bh6 Nxc4 33. Bxf8
Nxd6 34. Bxd6 Be4 35. Rc1 Rd8 36. Be7 Rb8 37. Bf6 h6 38. Rd1 Kh7 39. f3 Bxf3
40. Rd8 Rxd8 41. Bxd8 g5 1/2-1/2

[Event "TCh-FRA Top 16 GpB"]
[Site "Montpellier"]
[Date "2007.04.30"]
[Round "6.5"]
[White "Roos, Jean Luc"]
[Black "Karr, Jean Philippe"]
[Result "1/2-1/2"]
[WhiteElo "2294"]
[BlackElo "2409"]
[PlyCount "133"]
[EventDate "2007.05.??"]
[EventType "team"]
[EventRounds "11"]
[EventCountry "FRA"]
[SourceDate "2007.01.01"]
[WhiteTeam "Strasbourg"]
[BlackTeam "Drancy"]
[WhiteTeamCountry "FRA"]
[BlackTeamCountry "FRA"]

1. d4 Nf6 2. c4 g6 3. Nc3 d5 4. Nf3 Bg7 5. Bg5 Ne4 6. Bf4 Nxc3 7. bxc3 c5 8.
cxd5 Qxd5 9. e3 cxd4 10. cxd4 O-O 11. Be2 Nc6 12. O-O Bf5 13. Qa4 Qa5 14. Qb3
Qb4 15. Rfc1 Qxb3 16. axb3 Rfc8 17. Bb5 Be4 18. Nd2 Bd5 19. Rc5 Rd8 20. Rac1
Nb4 21. Bc7 Rf8 22. Be2 Rfc8 23. Bd6 Rc6 24. Bxe7 Re8 25. Rxc6 Nxc6 26. Ba3
Bxd4 27. Nc4 Re6 28. Rd1 b5 29. Na5 Nxa5 30. Rxd4 Bxb3 31. Bxb5 Rb6 32. Bf1 Be6
33. Rd1 Nc6 34. Bc5 Rb7 35. Ba6 Rb2 36. h3 Rc2 37. Bd6 Bc4 38. Bb7 Bb5 39. Rb1
a6 40. Ra1 Rd2 41. Bc5 Rc2 42. Bb6 Nb4 43. Rb1 Nd3 44. Be4 Rd2 45. f4 f5 46.
Bb7 Nb2 47. Bd4 Nc4 48. Rc1 Kf8 49. Ra1 a5 50. Rb1 Bd7 51. Ba6 Nd6 52. Rb6 Ke7
53. Bc5 h5 54. Kf1 Be6 55. Ke1 Rd5 56. Ba3 Kd7 57. Be2 Kc7 58. Ra6 Bc8 59.
Bxd6+ Rxd6 60. Rxa5 Bb7 61. Bf3 Bxf3 62. gxf3 Kd7 63. Re5 Ra6 64. Kf2 h4 65. e4
Ra2+ 66. Ke3 Ra3+ 67. Kf2 1/2-1/2

[Event "TCh-FRA Top 16 GpB"]
[Site "Montpellier"]
[Date "2007.04.30"]
[Round "6.6"]
[White "Borne, Niels"]
[Black "Reinhart, Emmanuel"]
[Result "0-1"]
[WhiteElo "2335"]
[BlackElo "2299"]
[PlyCount "170"]
[EventDate "2007.05.??"]
[EventType "team"]
[EventRounds "11"]
[EventCountry "FRA"]
[SourceDate "2007.01.01"]
[WhiteTeam "Drancy"]
[WhiteTeamCountry "FRA"]
[BlackTeamCountry "FRA"]

1. d4 d5 2. c4 c6 3. Nf3 Nf6 4. Nc3 dxc4 5. a4 Bf5 6. Ne5 Nbd7 7. Nxc4 Qc7 8.
g3 e5 9. dxe5 Nxe5 10. Bf4 Nfd7 11. Bg2 g5 12. Bxe5 Nxe5 13. Qd4 f6 14. Nxe5
Qxe5 15. Qxe5+ fxe5 16. Be4 Be6 17. O-O-O Bb4 18. Kc2 O-O 19. f3 Rad8 20. Rxd8
Rxd8 21. Rd1 Rxd1 22. Nxd1 h5 23. Bg6 h4 24. g4 Bc5 25. h3 Bd4 26. Kd2 Kf8 27.
Bc2 Ke8 28. e3 Bc5 29. Nf2 a5 30. Ne4 Be7 31. Kd3 b5 32. Nd2 Bb4 33. axb5 Bxd2
34. Kxd2 cxb5 35. Be4 Ke7 36. Bc6 Bc4 37. Ke1 Kd6 38. Be4 b4 39. Bc2 b3 40. Bh7
Bd5 41. Kf2 a4 42. Bb1 Kc5 43. Ke2 Kc4 44. Kf2 a3 45. bxa3 Kc3 46. a4 Bc4 47.
a5 Kd2 48. f4 b2 49. fxe5 Kc1 50. Be4 Kd2 51. e6 Bd3 52. Bxd3 Kxd3 53. e7 b1=Q
54. e8=Q Qc2+ 55. Kg1 Qd1+ 56. Kg2 Qe2+ 57. Kg1 Qe1+ 58. Kg2 Qg3+ 59. Kf1 Qxh3+
60. Kf2 Qg3+ 61. Kf1 Qf3+ 62. Kg1 Qxg4+ 63. Kf2 Qe2+ 64. Kg1 Qe1+ 65. Kg2 Qxa5
66. Qd7+ Kxe3 67. Qe6+ Kf4 68. Qc4+ Ke5 69. Qe2+ Kf6 70. Qf3+ Qf5 71. Qc6+ Qe6
72. Qf3+ Kg6 73. Qd3+ Qf5 74. Qd6+ Kh5 75. Qe7 Qc2+ 76. Kg1 Qd1+ 77. Kg2 Qc2+
78. Kg1 h3 79. Qe8+ Kg4 80. Qe6+ Qf5 81. Qe2+ Qf3 82. Qe6+ Kh5 83. Qe8+ Kh4 84.
Qh8+ Qh5 85. Qe5 Qg4+ 0-1

[Event "TCh-FRA Top 16 GpB"]
[Site "Montpellier"]
[Date "2007.04.30"]
[Round "6.7"]
[White "Roos, Louis"]
[Black "Giffard, Nicolas"]
[Result "1/2-1/2"]
[WhiteElo "2345"]
[BlackElo "2379"]
[PlyCount "58"]
[EventDate "2007.05.??"]
[EventType "team"]
[EventRounds "11"]
[EventCountry "FRA"]
[SourceDate "2007.01.01"]
[WhiteTeam "Strasbourg"]
[BlackTeam "Drancy"]
[WhiteTeamCountry "FRA"]
[BlackTeamCountry "FRA"]

1. e4 c6 2. d4 d5 3. Nc3 dxe4 4. Nxe4 Nd7 5. Bc4 Ngf6 6. Ng5 Nd5 7. Qe2 N7f6 8.
N1f3 h6 9. Ne4 Nxe4 10. Qxe4 Be6 11. Ne5 Nf6 12. Bxe6 Qa5+ 13. Bd2 Qxd2+ 14.
Kxd2 Nxe4+ 15. Ke3 Nd6 16. Bd7+ Kd8 17. Bh3 g5 18. b3 Bg7 19. Rad1 Kc7 20. g3
h5 21. f4 g4 22. Bg2 e6 23. Be4 f6 24. Ng6 Rhe8 25. Rhe1 b5 26. c3 a5 27. Kf2
b4 28. c4 Rad8 29. Bc2 Nb7 1/2-1/2

[Event "TCh-FRA Top 16 GpB"]
[Site "Montpellier"]
[Date "2007.04.30"]
[Round "6.8"]
[White "Wolfangel, Florence"]
[Black "Roos, Louise"]
[Result "1/2-1/2"]
[WhiteElo "1983"]
[BlackElo "1948"]
[PlyCount "53"]
[EventDate "2007.05.??"]
[EventType "team"]
[EventRounds "11"]
[EventCountry "FRA"]
[SourceDate "2007.01.01"]
[WhiteTeam "Drancy"]
[WhiteTeamCountry "FRA"]
[BlackTeamCountry "FRA"]

1. f4 d5 2. Nf3 Nf6 3. b3 e6 4. Bb2 Bd6 5. g3 c5 6. e3 Nc6 7. Bg2 O-O 8. O-O
Re8 9. Ne5 Nd7 10. d4 cxd4 11. exd4 f5 12. Nxd7 Bxd7 13. Nd2 Be7 14. Nf3 Qb6
15. Kh1 Bf6 16. Qd2 Rac8 17. Rac1 Qb4 18. Bc3 Qb6 19. Rfe1 Qc7 20. Bb2 b5 21.
c4 bxc4 22. bxc4 dxc4 23. Rxc4 Qb6 24. Ne5 Nxe5 25. Rxc8 Bxc8 26. dxe5 Be7 27.
Bd4 1/2-1/2

[Event "TCh-FRA Top 16 GpB"]
[Site "Montpellier"]
[Date "2007.04.30"]
[Round "6.2"]
[White "Prie, Eric"]
[Black "Eingorn, Vereslav S"]
[Result "1/2-1/2"]
[WhiteElo "2513"]
[BlackElo "2588"]
[PlyCount "29"]
[EventDate "2007.05.??"]
[EventType "team"]
[EventRounds "11"]
[EventCountry "FRA"]
[SourceDate "2007.01.01"]
[WhiteTeam "Montpellier"]
[WhiteTeamCountry "FRA"]
[BlackTeamCountry "FRA"]

1. d4 Nf6 2. Nf3 e6 3. Bf4 b6 4. e3 Bb7 5. h3 Bd6 6. Bxd6 cxd6 7. c4 d5 8. Nc3
O-O 9. Rc1 Qe7 10. a3 dxc4 11. Bxc4 d6 12. O-O Nbd7 13. Re1 Rfc8 14. Nd2 a6 15.
Be2 1/2-1/2

[Event "TCh-FRA Top 16 GpB"]
[Site "Montpellier"]
[Date "2007.04.30"]
[Round "6.3"]
[White "Gladyszev, Oleg"]
[Black "Flear, Glenn C"]
[Result "1/2-1/2"]
[WhiteElo "2485"]
[BlackElo "2476"]
[PlyCount "91"]
[EventDate "2007.05.??"]
[EventType "team"]
[EventRounds "11"]
[EventCountry "FRA"]
[SourceDate "2007.01.01"]
[WhiteTeam "Metz"]
[BlackTeam "Montpellier"]
[WhiteTeamCountry "FRA"]
[BlackTeamCountry "FRA"]

1. d4 d5 2. c4 c6 3. Nf3 Nf6 4. Nc3 dxc4 5. a4 Bg4 6. Ne5 Bh5 7. f3 Nfd7 8.
Nxc4 e5 9. g3 Bb4 10. dxe5 O-O 11. Bh3 Qe7 12. f4 Rd8 13. Qc2 f6 14. e6 Nc5 15.
Ne3 Nxe6 16. Nf5 Qf7 17. Qb3 Bxc3+ 18. Qxc3 Na6 19. O-O Nec5 20. b4 Qb3 21.
Qxb3+ Nxb3 22. Rb1 Bf7 23. b5 cxb5 24. axb5 Nc7 25. Bg2 Rab8 26. b6 axb6 27.
Be3 Nd2 28. Bxb6 Nxb1 29. Bxc7 Nc3 30. Kf2 Re8 31. Bxb8 Rxb8 32. Rc1 Nb5 33.
Bxb7 Be6 34. Bd5 Bxd5 35. Ne7+ Kf8 36. Nxd5 Nd6 37. Rc6 Rd8 38. Nc3 f5 39. Ke3
Re8+ 40. Kd4 Ne4 41. Nd5 Nf2 42. Nc7 Rxe2 43. Ne6+ Kg8 44. Kd5 Ng4 45. h3 Nf6+
46. Kd6 1/2-1/2

[Event "TCh-FRA Top 16 GpB"]
[Site "Montpellier"]
[Date "2007.04.30"]
[Round "6.4"]
[White "Korneev, Oleg"]
[Black "Koch, Jean Rene"]
[Result "1-0"]
[WhiteElo "2565"]
[BlackElo "2451"]
[PlyCount "153"]
[EventDate "2007.05.??"]
[EventType "team"]
[EventRounds "11"]
[EventCountry "FRA"]
[SourceDate "2007.01.01"]
[WhiteTeam "Montpellier"]
[WhiteTeamCountry "FRA"]
[BlackTeamCountry "FRA"]

1. e4 c5 2. Nf3 d6 3. d4 Nf6 4. Nc3 cxd4 5. Nxd4 g6 6. Be3 Bg7 7. f3 Nc6 8. Qd2
O-O 9. O-O-O Nxd4 10. Bxd4 Be6 11. Kb1 Qc7 12. h4 Rfc8 13. h5 Qa5 14. a3 Rab8
15. hxg6 hxg6 16. Bd3 Bc4 17. Bxc4 Rxc4 18. Qc1 e6 19. g4 Rbc8 20. g5 Nh5 21.
Bxg7 Kxg7 22. Rxd6 Rxc3 23. bxc3 Ng3 24. Rhd1 Ne2 25. Qb2 Nxc3+ 26. Ka1 Qc5 27.
R6d3 b5 28. f4 Kf8 29. Rxc3 Qxc3 30. Rd8+ Ke7 31. Rxc8 Qxc8 32. Qb4+ Ke8 33.
Qxb5+ Kf8 34. Kb2 a6 35. Qb4+ Kg8 36. c4 Qc7 37. e5 Qc6 38. c5 Qf3 39. Qc4 Qc6
40. Kc3 a5 41. Kd4 Kg7 42. Ke3 Kg8 43. Qc3 a4 44. Qc4 Qg2 45. c6 Qg3+ 46. Kd2
Qf2+ 47. Kc3 Qe1+ 48. Kc2 Qf2+ 49. Kb1 Qb6+ 50. Ka1 Qg1+ 51. Kb2 Qf2+ 52. Ka1
Qg1+ 53. Kb2 Qf2+ 54. Qc2 Qxf4 55. Qc3 Qf2+ 56. Kc1 Qf1+ 57. Kd2 Qf2+ 58. Kd3
Qf3+ 59. Kd4 Qf2+ 60. Kc4 Qb6 61. Kd3 Qb5+ 62. Kd2 Qd5+ 63. Ke3 Qg2 64. c7 Qg1+
65. Kd3 Qd1+ 66. Kc4 Qd5+ 67. Kb4 Qb7+ 68. Kxa4 Qa6+ 69. Kb3 Qb5+ 70. Kc2 Qe2+
71. Kc1 Qf1+ 72. Kd2 Qf2+ 73. Kd3 Qf1+ 74. Kd4 Qf2+ 75. Kc4 Qe2+ 76. Kb4 Qe4+
77. Ka5 1-0

[Event "TCh-FRA Top 16 GpB"]
[Site "Montpellier"]
[Date "2007.04.30"]
[Round "6.6"]
[White "Maze, Sebastien"]
[Black "Pucher, Sebastien"]
[Result "1-0"]
[WhiteElo "2506"]
[BlackElo "2254"]
[PlyCount "69"]
[EventDate "2007.05.??"]
[EventType "team"]
[EventRounds "11"]
[EventCountry "FRA"]
[SourceDate "2007.01.01"]
[WhiteTeam "Montpellier"]
[WhiteTeamCountry "FRA"]
[BlackTeamCountry "FRA"]

1. e4 c5 2. Nf3 d6 3. c3 Nf6 4. h3 Nc6 5. Bd3 e5 6. O-O Be7 7. Bc2 O-O 8. d4
cxd4 9. cxd4 exd4 10. Nxd4 d5 11. Nxc6 bxc6 12. e5 Nd7 13. Re1 Re8 14. Nd2 Nf8
15. f4 f5 16. Nf3 g6 17. Be3 Bb4 18. Ba4 Bb7 19. Re2 Qd7 20. Rc1 Ne6 21. Rec2
Rec8 22. Nd4 Nxd4 23. Bxd4 Ba5 24. Qe2 Qe6 25. Qe3 Bd8 26. b3 a5 27. Bb6 Be7
28. Bc5 Bd8 29. Kh2 Ba6 30. Bd6 Bb7 31. Bxc6 Bxc6 32. Rxc6 Rxc6 33. Rxc6 Be7
34. Qc5 Bxd6 35. Rxd6 1-0

[Event "TCh-FRA Top 16 GpB"]
[Site "Montpellier"]
[Date "2007.04.30"]
[Round "6.7"]
[White "Gitzinger, Gregory"]
[Black "Marzolo, Cyril"]
[Result "0-1"]
[WhiteElo "2215"]
[BlackElo "2459"]
[PlyCount "92"]
[EventDate "2007.05.??"]
[EventType "team"]
[EventRounds "11"]
[EventCountry "FRA"]
[SourceDate "2007.01.01"]
[WhiteTeam "Metz"]
[BlackTeam "Montpellier"]
[WhiteTeamCountry "FRA"]
[BlackTeamCountry "FRA"]

1. e4 c5 2. Nf3 e6 3. d4 cxd4 4. Nxd4 Nf6 5. Bd3 a6 6. O-O Qc7 7. Kh1 d6 8. c4
Nbd7 9. b3 g6 10. Bb2 Bg7 11. Nc2 O-O 12. Nc3 b6 13. Ne3 Bb7 14. f3 Rfe8 15.
Rc1 Rad8 16. Rc2 Qb8 17. Qa1 h5 18. Re2 Bc6 19. a4 h4 20. b4 Nh5 21. Bc2 Qc7
22. Ncd1 Ndf6 23. Bb3 a5 24. bxa5 bxa5 25. Nc3 Qb6 26. Nb5 Qc5 27. Bd4 Qg5 28.
Rd1 h3 29. g4 Qf4 30. Rf1 Nxe4 31. gxh5 Nc5 32. Bc2 Bxf3+ 33. Kg1 Qg5+ 34. Kf2
Bxe2 35. Kxe2 Qxh5+ 36. Kd2 e5 37. Bc3 d5 38. cxd5 Bh6 39. d6 Re6 40. Qe1
Rdxd6+ 41. Nxd6 Rxd6+ 42. Kc1 Nd3+ 43. Bxd3 Rxd3 44. Bd2 e4 45. Kb2 Qc5 46. Qf2
Bg7+ 0-1

[Event "TCh-FRA Top 16 GpB"]
[Site "Montpellier"]
[Date "2007.04.30"]
[Round "6.8"]
[White "Flear, Christine"]
[Black "Leclair, Marie"]
[Result "1-0"]
[WhiteElo "2168"]
[BlackElo "2024"]
[PlyCount "105"]
[EventDate "2007.05.??"]
[EventType "team"]
[EventRounds "11"]
[EventCountry "FRA"]
[SourceDate "2007.01.01"]
[WhiteTeam "Montpellier"]
[WhiteTeamCountry "FRA"]
[BlackTeamCountry "FRA"]

1. d4 d5 2. c4 e6 3. Nc3 c5 4. cxd5 exd5 5. Nf3 Nc6 6. Bf4 a6 7. e3 Nf6 8. Be2
c4 9. O-O Bd6 10. Ne5 Qc7 11. Bf3 Be6 12. Nxc6 Bxf4 13. exf4 Qxc6 14. Re1 O-O
15. Re5 Rad8 16. f5 Bc8 17. Qc2 b5 18. Rae1 Bb7 19. Qd1 Qd6 20. a3 Bc6 21. g4
Nd7 22. R5e3 Nb6 23. Bg2 a5 24. Qf3 b4 25. axb4 axb4 26. Ne2 Rfe8 27. Nf4 Rxe3
28. Rxe3 Na4 29. Nxd5 Bxd5 30. Qxd5 Qxd5 31. Bxd5 Nxb2 32. Re7 h6 33. Bxf7+ Kf8
34. Rb7 c3 35. Bb3 Rxd4 36. Rf7+ Ke8 37. Rxg7 Rf4 38. Kg2 Nd3 39. Rg8+ Ke7 40.
Rg7+ Kd8 41. f3 Ne1+ 42. Kf2 c2 43. Bxc2 Nxc2 44. Rb7 Ke8 45. h4 Rd4 46. f6 Rf4
47. g5 hxg5 48. hxg5 Kf8 49. Kg3 Rf5 50. f4 Ne3 51. Rxb4 Kf7 52. Rb7+ Ke6 53.
Re7+ 1-0

[Event "TCh-FRA Top 16 GpB"]
[Site "Montpellier"]
[Date "2006.05.02"]
[Round "7.5"]
[White "Bauer, Christian"]
[Black "Reinhart, Emmanuel"]
[Result "1/2-1/2"]
[WhiteElo "2629"]
[BlackElo "2299"]
[PlyCount "59"]
[EventDate "2007.05.??"]
[EventType "team"]
[EventRounds "11"]
[EventCountry "FRA"]
[SourceDate "2007.01.01"]
[WhiteTeam "Paris Chess 15"]
[BlackTeam "Strasbourg"]
[WhiteTeamCountry "FRA"]
[BlackTeamCountry "FRA"]

1. e4 c6 2. c4 d5 3. exd5 cxd5 4. cxd5 Nf6 5. Nc3 Nxd5 6. Nf3 Nc6 7. Bb5 a6 8.
Bxc6+ bxc6 9. Qa4 Bb7 10. d4 e6 11. Bg5 f6 12. Bh4 Kf7 13. O-O g5 14. Bg3 h5
15. h4 g4 16. Qb3 Qb6 17. Nd2 Qxb3 18. Nxb3 Nxc3 19. bxc3 c5 20. dxc5 Rc8 21.
Rfd1 Bd5 22. Rac1 Bxc5 23. c4 Be4 24. Rd7+ Kg6 25. Re1 Bf5 26. Rb7 Rh7 27. Rb8
Rxb8 28. Bxb8 Bb4 29. Rc1 Rb7 30. Bf4 1/2-1/2

[Event "TCh-FRA Top 16 GpB"]
[Site "Montpellier"]
[Date "2006.05.02"]
[Round "7.6"]
[White "Roos, Louis"]
[Black "Kritz, Leonid"]
[Result "0-1"]
[WhiteElo "2345"]
[BlackElo "2593"]
[PlyCount "60"]
[EventDate "2007.05.??"]
[EventType "team"]
[EventRounds "11"]
[EventCountry "FRA"]
[SourceDate "2007.01.01"]
[WhiteTeam "Strasbourg"]
[WhiteTeamCountry "FRA"]
[BlackTeamCountry "FRA"]

1. c4 c5 2. Nf3 b6 3. d4 cxd4 4. Nxd4 Bb7 5. Nc3 a6 6. e4 e6 7. a3 Qc7 8. Be3
d6 9. Rc1 Nd7 10. Be2 Ngf6 11. f3 Be7 12. O-O Rc8 13. b4 O-O 14. Qe1 Qb8 15.
Qf2 Bd8 16. g4 g6 17. g5 Nh5 18. f4 e5 19. fxe5 dxe5 20. Nf5 gxf5 21. Bxh5 f4
22. Bg4 fxe3 23. Qh4 Rc6 24. Bf5 h6 25. Qg3 Bxg5 26. h4 Rg6 27. Bxg6 Bf4 28.
Qh3 Nf6 29. Bf5 Kh8 30. Ne2 Rg8+ 0-1

[Event "TCh-FRA Top 16 GpB"]
[Site "Montpellier"]
[Date "2006.05.02"]
[Round "7.7"]
[White "Manouck, Thierry"]
[Black "Roos, Jean Luc"]
[Result "1/2-1/2"]
[WhiteElo "2344"]
[BlackElo "2294"]
[PlyCount "45"]
[EventDate "2007.05.??"]
[EventType "team"]
[EventRounds "11"]
[EventCountry "FRA"]
[SourceDate "2007.01.01"]
[WhiteTeam "Paris Chess 15"]
[BlackTeam "Strasbourg"]
[WhiteTeamCountry "FRA"]
[BlackTeamCountry "FRA"]

1. c4 e5 2. g3 Nf6 3. Bg2 d5 4. cxd5 Nxd5 5. Nc3 Nb6 6. Nf3 Nc6 7. O-O Be7 8.
a3 O-O 9. b4 Be6 10. Rb1 f6 11. d3 a5 12. b5 Nd4 13. Nd2 Bd5 14. Nxd5 Nxd5 15.
Ne4 f5 16. e3 fxe4 17. exd4 exd4 18. Bb2 Nc3 19. Bxc3 dxc3 20. Bxe4 Qd4 21.
Qb3+ Kh8 22. Rbc1 Bf6 23. Bxb7 1/2-1/2

[Event "TCh-FRA Top 16 GpB"]
[Site "Montpellier"]
[Date "2006.05.02"]
[Round "7.8"]
[White "Roos, Louise"]
[Black "Martsynovskaya, Marina"]
[Result "0-1"]
[WhiteElo "1948"]
[BlackElo "2227"]
[PlyCount "84"]
[EventDate "2007.05.??"]
[EventType "team"]
[EventRounds "11"]
[EventCountry "FRA"]
[SourceDate "2007.01.01"]
[WhiteTeam "Strasbourg"]
[WhiteTeamCountry "FRA"]
[BlackTeamCountry "FRA"]

1. e4 e5 2. Nf3 Nc6 3. Bb5 Nge7 4. O-O g6 5. d4 exd4 6. Nxd4 Bg7 7. c3 O-O 8.
Bg5 h6 9. Be3 Kh7 10. Nd2 Nxd4 11. Bxd4 Bxd4 12. cxd4 d5 13. Re1 c6 14. Ba4
dxe4 15. Rxe4 Nd5 16. Bb3 Nf6 17. Rf4 g5 18. Qc2+ Kg7 19. Rf3 Bg4 20. Re3 Qxd4
21. Nf3 Bxf3 22. Rxf3 Rad8 23. Qf5 Rfe8 24. h3 Qxb2 25. Rb1 Qe5 26. Qc2 Re7 27.
Qc4 Qe4 28. Qc1 Rde8 29. Qb2 Qxb1+ 30. Qxb1 Re1+ 31. Qxe1 Rxe1+ 32. Kh2 Re7 33.
h4 Re4 34. hxg5 hxg5 35. Rf5 Kg6 36. Ra5 Rh4+ 37. Kg1 a6 38. Bc2+ Kh6 39. Bf5
Rb4 40. Bc8 Nd5 41. Rc5 Ne7 42. Bd7 Rd4 0-1

[Event "TCh-FRA Top 16 GpB"]
[Site "Montpellier"]
[Date "2006.05.02"]
[Round "7.2"]
[White "Eingorn, Vereslav S"]
[Black "Fressinet, Laurent"]
[Result "0-1"]
[WhiteElo "2588"]
[BlackElo "2644"]
[PlyCount "106"]
[EventDate "2007.05.??"]
[EventType "team"]
[EventRounds "11"]
[EventCountry "FRA"]
[SourceDate "2007.01.01"]
[WhiteTeam "Metz"]
[WhiteTeamCountry "FRA"]
[BlackTeamCountry "FRA"]

1. d4 d5 2. c4 c6 3. Nf3 Nf6 4. Qc2 dxc4 5. Qxc4 Bf5 6. g3 e6 7. Bg2 Nbd7 8.
O-O Be7 9. Nbd2 O-O 10. Qb3 Qb6 11. Nc4 Qa6 12. Bf4 Nb6 13. Rfc1 Nxc4 14. Qxc4
Qxc4 15. Rxc4 Be4 16. Nd2 Bd5 17. Rc2 Bxg2 18. Kxg2 Rfd8 19. Nb3 Rd7 20. Bg5
Ne4 21. Bxe7 Rxe7 22. f3 Nd6 23. Kf2 Rd8 24. Rd1 Kf8 25. Rd3 Ke8 26. e3 f6 27.
Ke2 e5 28. dxe5 Rxe5 29. Rc5 Rxc5 30. Nxc5 Ke7 31. Ra3 Ra8 32. Ra4 b6 33. Nd3
a5 34. Rg4 g5 35. a4 c5 36. b3 h5 37. Rc4 Nxc4 38. bxc4 Rd8 39. h3 Ke6 40. Nb2
Rd7 41. Nd3 Kd6 42. Nb2 Rf7 43. Nd1 f5 44. Nc3 Rg7 45. Nd5 b5 46. axb5 a4 47.
Nc3 a3 48. Kd3 h4 49. g4 fxg4 50. fxg4 Ra7 51. Na2 Rf7 52. Ke2 Kc7 53. Nc3 Kb6
0-1

[Event "TCh-FRA Top 16 GpB"]
[Site "Montpellier"]
[Date "2006.05.02"]
[Round "7.3"]
[White "Naiditsch, Arkadij"]
[Black "Neiman, Emmanuel"]
[Result "1-0"]
[WhiteElo "2654"]
[BlackElo "2386"]
[PlyCount "86"]
[EventDate "2007.05.??"]
[EventType "team"]
[EventRounds "11"]
[EventCountry "FRA"]
[SourceDate "2007.01.01"]
[WhiteTeam "Clichy"]
[BlackTeam "Metz"]
[WhiteTeamCountry "FRA"]
[BlackTeamCountry "FRA"]

1. e4 e5 2. Nf3 Nf6 3. Nc3 Nc6 4. Bb5 Bb4 5. O-O O-O 6. d3 Bxc3 7. bxc3 d6 8.
h3 Qe7 9. Re1 Nd8 10. d4 Bd7 11. a4 Bxb5 12. axb5 Re8 13. c4 c5 14. c3 Nd7 15.
Bg5 f6 16. Be3 Qf7 17. Nd2 Ne6 18. d5 Nf4 19. h4 a5 20. bxa6 bxa6 21. g3 Ng6
22. Qg4 Ra7 23. Nb3 Ne7 24. Na5 f5 25. exf5 Nxf5 26. Ra2 e4 27. Bf4 h5 28. Qh3
Qg6 29. Nc6 Rb7 30. Bg5 Nf6 31. Rae2 Ng4 32. Qg2 Kh7 33. Rxe4 Rxe4 34. Qxe4 Rb2
35. Re2 Rb3 36. Qc2 Rb7 37. Re6 Nf6 38. Bxf6 gxf6 39. Qe4 a5 40. Nxa5 Ra7 41.
Nc6 Ra1+ 42. Kg2 Ra2 43. Qf4 Kg8 1-0

[Event "TCh-FRA Top 16 GpB"]
[Site "Montpellier"]
[Date "2006.05.02"]
[Round "7.5"]
[White "Apicella, Manuel"]
[Black "Gladyszev, Oleg"]
[Result "1/2-1/2"]
[WhiteElo "2555"]
[BlackElo "2485"]
[PlyCount "54"]
[EventDate "2007.05.??"]
[EventType "team"]
[EventRounds "11"]
[EventCountry "FRA"]
[SourceDate "2007.01.01"]
[WhiteTeam "Clichy"]
[BlackTeam "Metz"]
[WhiteTeamCountry "FRA"]
[BlackTeamCountry "FRA"]

1. e4 c5 2. Nf3 Nc6 3. d4 cxd4 4. Nxd4 Nf6 5. Nc3 e5 6. Ndb5 d6 7. Nd5 Nxd5 8.
exd5 Nb8 9. c4 Be7 10. Bd3 O-O 11. O-O a6 12. Nc3 f5 13. f3 Bg5 14. Bxg5 Qxg5
15. f4 exf4 16. Qe2 g6 17. Rae1 Qf6 18. Qf2 f3 19. gxf3 Nd7 20. f4 Nc5 21. Bc2
Bd7 22. Qd2 a5 23. b3 Rfe8 24. a4 Qh4 25. Qf2 Qf6 26. Qd2 Qh4 27. Qf2 Qf6
1/2-1/2

[Event "TCh-FRA Top 16 GpB"]
[Site "Montpellier"]
[Date "2006.05.02"]
[Round "7.7"]
[White "David, Alberto"]
[Black "Gitzinger, Gregory"]
[Result "1-0"]
[WhiteElo "2525"]
[BlackElo "2215"]
[PlyCount "89"]
[EventDate "2007.05.??"]
[EventType "team"]
[EventRounds "11"]
[EventCountry "FRA"]
[SourceDate "2007.01.01"]
[WhiteTeam "Clichy"]
[BlackTeam "Metz"]
[WhiteTeamCountry "FRA"]
[BlackTeamCountry "FRA"]

1. e4 e6 2. d4 d5 3. Nc3 Nf6 4. e5 Nfd7 5. f4 c5 6. Nf3 Nc6 7. Be3 a6 8. Qd2 b5
9. a3 Qb6 10. Ne2 Bb7 11. dxc5 Bxc5 12. Ned4 Nxd4 13. Nxd4 f6 14. b4 Bxd4 15.
Bxd4 Qc7 16. exf6 gxf6 17. Be2 Bc6 18. Bg4 Qd6 19. O-O O-O-O 20. Rfe1 Rhe8 21.
Qe3 f5 22. Bh5 Re7 23. Be2 Qb8 24. a4 e5 25. axb5 Bxb5 26. Rxa6 Bxa6 27. Bxa6+
Kc7 28. Qc3+ Kd6 29. Bxe5+ Rxe5 30. fxe5+ Ke7 31. Bd3 Qb6+ 32. Kh1 Rf8 33. e6
Nf6 34. Bxf5 Rg8 35. Qd2 Qc6 36. Qd4 h5 37. Qa7+ Kd6 38. e7 Ne4 39. Bxe4 dxe4
40. Qd4+ Kxe7 41. Rxe4+ Kf7 42. Qf2+ Kg6 43. Qg3+ Kh6 44. Qe3+ Kg7 45. Qg5+ 1-0